Экспериментальные исследования по обнаружению поверхностных трещин различного происхождения в образцах из электропроводящих материалов, используемых в авиакосмической промышленности с помощью индукционной инфракрасной термографии; Современные техника и технологии; Т. 1

Dettagli Bibliografici
Parent link:Современные техника и технологии: сборник трудов XX международной научно-практической конференции студентов, аспирантов и молодых ученых, Томск, 14-18 апреля 2014 г./ Национальный исследовательский Томский политехнический университет (ТПУ).— , 2014
Т. 1.— 2014.— [С. 97-98]
Autore principale: Калашников Д. А.
Ente Autore: Национальный исследовательский Томский политехнический университет (ТПУ) Институт неразрушающего контроля (ИНК) Кафедра информационно-измерительной техники (ИИТ)
Altri autori: Ширяев В. В. Владимир Васильевич (научный руководитель)
Riassunto:Заглавие с титульного экрана
Lingua:russo
Pubblicazione: 2014
Serie:Приборостроение
Soggetti:
Accesso online:http://earchive.tpu.ru/handle/11683/20951
http://www.lib.tpu.ru/fulltext/c/2014/C01/V1/046.pdf
Natura: MixedMaterials Elettronico Capitolo di libro
KOHA link:https://koha.lib.tpu.ru/cgi-bin/koha/opac-detail.pl?biblionumber=606487

MARC

LEADER 00000naa2a2200000 4500
001 606487
005 20231101132414.0
035 |a (RuTPU)RU\TPU\conf\3866 
035 |a RU\TPU\conf\3865 
090 |a 606487 
100 |a 20140530d2014 k y0rusy50 ca 
101 0 |a rus 
102 |a RU 
105 |a y z 101zy 
135 |a drcn ---uucaa 
181 0 |a i  
182 0 |a b 
200 1 |a Экспериментальные исследования по обнаружению поверхностных трещин различного происхождения в образцах из электропроводящих материалов, используемых в авиакосмической промышленности с помощью индукционной инфракрасной термографии  |f Д. А. Калашников  |g науч. рук. В. В. Ширяев 
203 |a Текст  |c электронный 
225 1 |a Приборостроение 
230 |a 1 компьютерный файл (pdf; 524 Kb) 
300 |a Заглавие с титульного экрана 
320 |a [Библиогр.: с. 98 (2 назв.)] 
337 |a Adobe Reader 
461 1 |0 (RuTPU)RU\TPU\conf\3687  |t Современные техника и технологии  |o сборник трудов XX международной научно-практической конференции студентов, аспирантов и молодых ученых, Томск, 14-18 апреля 2014 г.  |o в 3 т.  |f Национальный исследовательский Томский политехнический университет (ТПУ)   |d 2014 
463 0 |0 (RuTPU)RU\TPU\conf\3688  |t Т. 1  |v [С. 97-98]  |d 2014 
610 1 |a труды учёных ТПУ 
610 1 |a электронный ресурс 
610 1 |a инфракрасная термография 
610 1 |a авиакосмическая техника 
610 1 |a электропроводящие минералы 
610 1 |a трещины 
610 1 |a экспериментальные исследования 
700 1 |a Калашников  |b Д. А. 
702 1 |a Ширяев  |b В. В.  |c специалист в области неразрушающего контроля  |c старший научный сотрудник Томского политехнического университета, кандидат технических наук  |f 1948-  |g Владимир Васильевич  |2 stltpush  |4 727 
712 0 2 |a Национальный исследовательский Томский политехнический университет (ТПУ)  |b Институт неразрушающего контроля (ИНК)  |b Кафедра информационно-измерительной техники (ИИТ)  |h 67  |2 stltpush  |3 (RuTPU)RU\TPU\col\18718 
801 2 |a RU  |b 63413507  |c 20210310  |g RCR 
856 4 |u http://earchive.tpu.ru/handle/11683/20951 
856 4 |u http://www.lib.tpu.ru/fulltext/c/2014/C01/V1/046.pdf 
942 |c BK